<?xml version="1.0" encoding="UTF-8"?>
<record
    xmlns:xsi="http://www.w3.org/2001/XMLSchema-instance"
    xsi:schemaLocation="http://www.loc.gov/MARC21/slim http://www.loc.gov/standards/marcxml/schema/MARC21slim.xsd"
    xmlns="http://www.loc.gov/MARC21/slim">

  <leader>00838nam a2200265 a 4500</leader>
  <controlfield tag="001"> </controlfield>
  <controlfield tag="003">OSt</controlfield>
  <controlfield tag="005">20260513100002.0</controlfield>
  <controlfield tag="008">091013s2013    dr            001 0 spa d</controlfield>
  <datafield tag="020" ind1=" " ind2=" ">
    <subfield code="a">9781935400882</subfield>
  </datafield>
  <datafield tag="040" ind1=" " ind2=" ">
    <subfield code="a">DO-SdBNP</subfield>
    <subfield code="b">spa</subfield>
    <subfield code="c">DO-SdBNP</subfield>
  </datafield>
  <datafield tag="082" ind1=" " ind2="4">
    <subfield code="a">RD861.4408</subfield>
    <subfield code="b">B333s</subfield>
    <subfield code="2">22</subfield>
  </datafield>
  <datafield tag="245" ind1="1" ind2="0">
    <subfield code="a">S&#xF3;lo para locos :</subfield>
    <subfield code="b">antolog&#xED;a po&#xE9;tica, 38 poetas contempor&#xE1;neos / </subfield>
    <subfield code="c">[compiladora Lourdes Batista ]</subfield>
  </datafield>
  <datafield tag="260" ind1=" " ind2=" ">
    <subfield code="a">Estados Unidos :</subfield>
    <subfield code="b">Sociedad Internacional de escritores </subfield>
    <subfield code="c">2013</subfield>
  </datafield>
  <datafield tag="300" ind1=" " ind2=" ">
    <subfield code="a">158 p. ;</subfield>
    <subfield code="c">20 cm.</subfield>
  </datafield>
  <datafield tag="490" ind1=" " ind2=" ">
    <subfield code="a"> </subfield>
  </datafield>
  <datafield tag="500" ind1=" " ind2=" ">
    <subfield code="a"> </subfield>
  </datafield>
  <datafield tag="590" ind1=" " ind2=" ">
    <subfield code="a">Inventariado, 2020/VM</subfield>
  </datafield>
  <datafield tag="650" ind1=" " ind2="4">
    <subfield code="a">Poes&#xED;a dominicana </subfield>
    <subfield code="v">Colecciones </subfield>
    <subfield code="9">7120</subfield>
  </datafield>
  <datafield tag="650" ind1=" " ind2="4">
    <subfield code="a">Autores dominicanos</subfield>
    <subfield code="9">1890</subfield>
    <subfield code="v">Biograf&#xED;as </subfield>
  </datafield>
  <datafield tag="650" ind1=" " ind2="0">
    <subfield code="a">Antolog&#xED;a po&#xE9;tica</subfield>
    <subfield code="9">49370</subfield>
  </datafield>
  <datafield tag="910" ind1=" " ind2=" ">
    <subfield code="a">VMateo/Validado. Control de calidad MFF</subfield>
  </datafield>
  <datafield tag="942" ind1=" " ind2=" ">
    <subfield code="2">ddc</subfield>
    <subfield code="c">LBS1</subfield>
  </datafield>
  <datafield tag="952" ind1=" " ind2=" ">
    <subfield code="0">0</subfield>
    <subfield code="1">0</subfield>
    <subfield code="2">ddc</subfield>
    <subfield code="5">3</subfield>
    <subfield code="7">2</subfield>
    <subfield code="8">PD</subfield>
    <subfield code="a">BNPHU</subfield>
    <subfield code="b">PD</subfield>
    <subfield code="d">2020-12-03</subfield>
    <subfield code="e">Nelson Aquino</subfield>
    <subfield code="l">0</subfield>
    <subfield code="o">BNPHU PD RD861.4408 B333s 2013 </subfield>
    <subfield code="p">2020-0610</subfield>
    <subfield code="r">2020-12-03</subfield>
    <subfield code="t">v.1</subfield>
    <subfield code="w">2020-12-03</subfield>
    <subfield code="y">LFPD</subfield>
  </datafield>
  <datafield tag="952" ind1=" " ind2=" ">
    <subfield code="0">0</subfield>
    <subfield code="1">0</subfield>
    <subfield code="2">ddc</subfield>
    <subfield code="5">1</subfield>
    <subfield code="7">2</subfield>
    <subfield code="8">PD</subfield>
    <subfield code="a">BNPHU</subfield>
    <subfield code="b">PD</subfield>
    <subfield code="d">2020-12-03</subfield>
    <subfield code="e">Nelson Aquino</subfield>
    <subfield code="l">0</subfield>
    <subfield code="o">BNPHU PD RD861.4408  B333s 2013</subfield>
    <subfield code="p">2020-0611</subfield>
    <subfield code="r">2020-12-03</subfield>
    <subfield code="t">v.1, e.2</subfield>
    <subfield code="w">2020-12-03</subfield>
    <subfield code="y">LFPD</subfield>
  </datafield>
  <datafield tag="956" ind1=" " ind2=" ">
    <subfield code="a">VMateo</subfield>
  </datafield>
  <datafield tag="999" ind1=" " ind2=" ">
    <subfield code="c">49229</subfield>
    <subfield code="d">49229</subfield>
  </datafield>
</record>
